LIBRARY & INFORMATION CENTRE, KCAET, TAVANUR

ONLINE PUBLIC ACCESS CATALOGUE (OPAC)

Tulanatmak adyayan / (Record no. 3673)

MARC details
000 -LEADER
fixed length control field 00487cam a2200193ua 4500
041 ## - LANGUAGE CODE
Language code of text/sound track or separate title hin
082 ## - DEWEY DECIMAL CLASSIFICATION NUMBER
Classification number 891.54
Item number KRI/TU
100 ## - MAIN ENTRY--AUTHOR NAME
Personal name Krishna Chandra, Sharma .
245 ## - TITLE STATEMENT
Title Tulanatmak adyayan /
250 ## - EDITION STATEMENT
Edition statement 1 /
260 ## - PUBLICATION, DISTRIBUTION, ETC. (IMPRINT)
Place of publication :
Name of publisher Atmaram and Sons ,
Year of publication 1954.
300 ## - PHYSICAL DESCRIPTION
Number of Pages 189 ; .
700 1# - ADDED ENTRY--PERSONAL NAME
Personal name Devisharan, Rastougi .
942 ## - ADDED ENTRY ELEMENTS (KOHA)
Koha item type Books
Holdings
Withdrawn status Lost status Damaged status Home library Current library Date acquired Full call number Accession Number Koha item type
Withdrawn     KAUAET Sanskrit University 07/04/2012 891.54 9640 Books
free website counter